Quizzes
Events
Quiz Creation
Community
Videos
Private Events
Remove Ads
Sign In
Join for FREE
Feedback
Dark Mode
Quiz Categories
Sports
Geography
Music
Movies
Television
Just For Fun
Miscellaneous
History
Literature
Language
Science
Gaming
Entertainment
Religion
Holiday
For Kids
Quiz Lab
Recent
Popular Today
Quiz Kudos Today
Editor Picks
Curator Picks
Quizzes by...
Day
Popularity
Type
Ratings
Length
Year
Community
Subscriptions
Recent Discussions
Orange Saloon
Badges
Playlists
Quests
Create
Leaderboards
Showdown
Live 5
Trivia Bingo
Activity
Puzzle Library
Sporcle Events
Private Events
Virtual Trivia
Globe League
Become a Host
Pub Owners
SporcleCon
Opinionation
Our Games
Videos
Blog
Mobile Apps
Partnerships
Remove Ads and Go Orange
Feedback
Music
Pop Music
The Beatles
Song
Album
Lyrics
Bands
Singers
Artist
Clip
Rock
Rap
Classical
Billboard
Country Music
Kpop
Taylor Swift
Music
Pop Music
The Beatles
Song
Album
Lyrics
Bands
Singers
Artist
Clip
Rock
Rap
Classical
Billboard
Country Music
Kpop
Taylor Swift
Random Quiz
Search Sporcle
×
Quiz Lab
Quiz Lab
Music
Country
Type in answers that appear in a list
Type in answers that appear in a list
Classic
Best Score? Go Orange.
Figure Out the Lyrics (Country) Stats
Can you name the Figure Out the Lyrics (Country)
By
xMaaaandafacex
8m
293 Questions
577 Plays
577 Plays
577 Plays
Comments
Comments
Give Quiz Kudos
Give Quiz Kudos
-
- Ratings
hide this ad
Replay
Link that replays current quiz
Next Quiz
Link to next quiz in quiz playlist
You Got
0%
They Got
Avg Score
38%
Avg Friend Score
Upgrade to see
Score Distribution
Jump to the score distribution portion of the page
Score
0/293
Timer
08:00
0
Plays Today
Lyric
% Correct
the
90.3%
the
90.3%
the
90.3%
a
90.3%
the
90.3%
and
90.3%
And
90.3%
a
90.3%
the
90.3%
the
90.3%
You
85.6%
You
85.6%
You
85.6%
you
85.6%
You
85.6%
you
85.6%
you
85.6%
You
85.6%
you
85.6%
you
85.6%
You
85.6%
You
85.6%
you
85.6%
you
85.6%
You
85.6%
you
85.6%
you
85.6%
you
85.6%
an
77.5%
an
77.5%
love
73.3%
love
73.3%
love
73.3%
me
73.3%
me
73.3%
me
73.3%
me
73.3%
to
71.1%
to
71.1%
to
71.1%
to
71.1%
to
71.1%
to
71.1%
it
68.8%
it
68.8%
it
68.8%
it
68.8%
it
68.8%
it
68.8%
it
68.8%
it
68.8%
it
68.8%
it
68.8%
it
68.8%
it
68.8%
it
68.8%
it
68.8%
it
68.8%
it
68.8%
it
68.8%
it
68.8%
it
68.8%
it
68.8%
We
67.8%
We
67.8%
in
63.1%
in
63.1%
in
63.1%
in
63.1%
in
63.1%
when
60.3%
when
60.3%
when
60.3%
on
58.4%
on
58.4%
on
58.4%
on
58.4%
on
58.4%
your
54.9%
your
54.9%
your
54.9%
So
54.4%
So
54.4%
my
52.7%
my
52.7%
my
52.7%
my
52.7%
my
52.7%
my
52.7%
my
52.7%
like
49.7%
like
49.7%
like
49.7%
like
49.7%
of
48.4%
I
46.3%
I
46.3%
I
46.3%
Lyric
% Correct
I
46.3%
I
46.3%
I
46.3%
I
46.3%
I
46.3%
that
45.9%
that
45.9%
that
45.9%
I'm
45.6%
I'm
45.6%
I'm
45.6%
know
45.4%
know
45.4%
know
45.4%
if
43.2%
We're
42.1%
We're
42.1%
with
38.8%
with
38.8%
with
38.8%
with
38.8%
it's
38.3%
it's
38.3%
it's
38.3%
this
37.8%
up
36.9%
up
36.9%
up
36.9%
up
36.9%
up
36.9%
up
36.9%
all
36%
all
36%
girl
35.9%
girl
35.9%
Girl
35.9%
want
35.9%
girl
35.9%
girl
35.9%
girl
35.9%
get
35.7%
get
35.7%
just
35.2%
just
35.2%
just
35.2%
just
35.2%
Just
35.2%
just
35.2%
will
33.4%
will
33.4%
Say
32.4%
Say
32.4%
night
32.1%
night
32.1%
night
32.1%
some
30%
some
30%
some
30%
some
30%
down
29.5%
down
29.5%
down
29.5%
down
29.5%
down
29.5%
down
29.5%
down
29.5%
down
29.5%
baby
28.4%
baby
28.4%
Baby
28.4%
baby
28.4%
our
27%
our
27%
our
27%
now
26.9%
now
26.9%
sing
25.1%
sing
25.1%
sing
25.1%
back
24.1%
here
24.1%
here
24.1%
out
23.7%
out
23.7%
feel
23.2%
feel
23.2%
feel
23.2%
feel
23.2%
mind
22%
angel
21.3%
angel
21.3%
about
21.1%
about
21.1%
about
21.1%
about
21.1%
dance
21%
let
20.8%
right
20.5%
Lyric
% Correct
right
20.5%
right
20.5%
right
20.5%
keep
19.2%
keep
19.2%
keep
19.2%
song
19.1%
thing
18.9%
thing
18.9%
head
17.7%
old
17.3%
old
17.3%
lovin
17.2%
around
17%
around
17%
light
16.8%
little
16.8%
light
16.8%
little
16.8%
Cause
16.3%
Let's
16.1%
let's
16.1%
Let's
16.1%
let's
16.1%
last
15.8%
bed
15.8%
doing
15.8%
last
15.8%
bed
15.8%
doing
15.8%
makes
15.4%
makes
15.4%
Burnin
14.9%
burnin
14.9%
Burnin
14.9%
Burnin
14.9%
burnin
14.9%
burnin
14.9%
Burnin
14.9%
Burnin
14.9%
Couldn't
14%
without
13.7%
through
13.2%
wanna
13.2%
wanna
13.2%
through
13.2%
wanna
13.2%
wanna
13.2%
through
13.2%
cold
12%
Jack
12%
cold
12%
Jack
12%
hanging
11.6%
Daniel's
11.6%
hanging
11.6%
Daniel's
11.6%
Sippin
11.4%
Sippin
11.4%
t-shirt
10.7%
naked
10.7%
finger
10.6%
tear
10.6%
Alabama
10.4%
Alabama
10.4%
tried
10.1%
slip
9.9%
tangled
9.7%
tangled
9.7%
rock
9.7%
rock
9.7%
rock
9.7%
rock
9.7%
dirty
9.5%
workin
9.5%
dark
9.5%
dark
9.5%
against
9.2%
against
9.2%
stirrin
9%
flirtin
9%
stuck
9%
Jammin
9%
Jammin
9%
Laying
8.8%
Laying
8.8%
chance
7.8%
heartbeat
7.8%
heartbeat
7.8%
dreamin
7.5%
crawl
6.9%
crawl
6.9%
shadows
6.8%
lines
6.2%
hit
5.9%
switch
5.9%
writing
5.5%
Quiz Playlist
Details
Report
Send in Message
Add To Playlist
Classic:
Type in answers that appear in a list
Last Updated: Feb 16, 2017
Quiz Scoreboard
CHALLENGE
Sign Up to Join the Scoreboard
Show All
Scores
Hide
Comments
May contain spoilers
Recently Published
Presidents Visiting Landmarks
by Hejman
History
7m
An Introduction to Baseball
by treessimontrees
Sports
5m
Movies - When Are They Set?
by FPL_Elf
Movies
5m
More to Explore
Quiz From the Vault
Featured Blog Post
Where Did the Easter Bunny Come From?
hide this ad
You Might Also Like...
Tags
Country Quiz
Country Music Quiz
Lyrics Quiz
Contributed
Figure Out the Lyrics
Jason Aldean
Today's Top Quizzes in Music
Browse Music
hide this ad
Today's Top Quizzes in Country
Browse Country
Top Contributed Quizzes in Music
1
Taylor Swift All Songs (2024)
2
Guess the Artist- 70s Songs
3
7-to-1: Billboard Hot 100 #1 Hits of 2010s
4
Sorting Albums and Songs
5
Taylor Swift Logic Puzzle
6
One Thing in Common: Music
7
2010s Album by Cover III
8
KPOP LOGIC QUIZ
9
Guess the Taylor Swift song (Mystery Song)
10
Guess the Artist- 80s Songs
Explore More
Trending Topics
Kpop
Anime
Disney
Crossword
NBA
Harry Potter
Marvel
WWE
Soccer
The Office
Country
Puzzle
Pokémon
Song
NFL
hide this ad
More By:
xMaaaandafacex
Quiz
Plays
Rating
Category
Featured
Created
Supernatural Charecter by Quote
1,515
5.00
Television
Sep 1, 2014
Figure Out the Lyrics (Country)
577
3.50
Music
Aug 30, 2014
Guess the Lyrics to the Popular TV Theme
181
3.00
Television
Aug 31, 2014
Go to Creator's Profile
Score Distribution
Quiz Creator Spotlight
xMaaaandafacex
Follow
Send a Message
Quizzes Created
-
Created Quiz Play Count
-
More By This Creator
Popular Quizzes Today
1
Find the US States - No Outlines Minefield
2
Find the Countries of Europe - No Outlines Minefield
3
The Countries of the World
4
Find the US States
5
Popular People in 1961
6
US States
7
Risky Map Clicking: Biggest States A-Z
8
Movies - When Are They Set?
More Music Quizzes
Beginning Song Titles II
Published
Trending Quizzes
Risky Map Clicking: Least Populous States A-Z
1-10 Letter G Words
1-10 Letter F Words
Risky Map Clicking: Next State Alphabetically
Risky Map Clicking: Biggest States A-Z
Recently Updated
Leaping Animals
pecheneg
Reality TV Shows (A-Z)
bhenderson79
Rickey Henderson's Hall of Fame Teammates
pecheneg
Champions League XIs: Arsenal
pecheneg
Quick Pick: Celebrities in WWE's Hall of Fame
aduchscher
A-Z Keypad Blitz II
pecheneg
Multiple Oscar Actors
pecheneg
Mystery Phrase Blitz: Oscar 'Best Actors'
pecheneg
F. Scott Fitzgerald Novels
LTH
Pick 3 Villains
ddd62291
Trending Topics
Harry Potter
NBA
Marvel
Kpop
Anime
Disney
Crossword
The Office
Song
Puzzle
Pokémon
Soccer
NFL
WWE
Country
Your Account Isn't Verified!
In order to create a playlist on Sporcle, you need to verify the email address you used during registration. Go to your
Sporcle Settings
to finish the process.
Report this User
Report this user for behavior that violates our
Community Guidelines
.
Details:
Send Report
Go to the Sporcle.com Mobile Site →
Comments